L'An mil, (Record no. 1926)

MARC details
000 -LEADER
fixed length control field 00399cam a2200169u 4500
008 - FIXED-LENGTH DATA ELEMENTS--GENERAL INFORMATION
fixed length control field 810311s1967 fr 000 0 fre
010 ## - LIBRARY OF CONGRESS CONTROL NUMBER
LC control number unk80013861
050 00 - LIBRARY OF CONGRESS CALL NUMBER
Classification number BT890
Item number .D78
100 1# - MAIN ENTRY--PERSONAL NAME
Personal name Duby, Georges.
245 02 - TITLE STATEMENT
Title L'An mil,
260 ## - PUBLICATION, DISTRIBUTION, ETC.
Place of publication, distribution, etc. [Paris]
Name of publisher, distributor, etc. Julliard,
Date of publication, distribution, etc. 1967.
300 ## - PHYSICAL DESCRIPTION
Extent 237 p. ;
Dimensions 18 cm.
500 ## - GENERAL NOTE
General note Cover title.
942 ## - ADDED ENTRY ELEMENTS (KOHA)
Source of classification or shelving scheme Dewey Decimal Classification
Koha item type BOOKS
Suppress in OPAC No
Holdings
Withdrawn status Lost status Source of classification or shelving scheme Damaged status Not for loan Home library Current library Date acquired Total checkouts Date last seen Price effective from Koha item type
    Dewey Decimal Classification     Centerville Centerville 09/04/2026   09/04/2026 09/04/2026 BOOKS